| 000 | 00000nam 2200000za 4500 |
| 001 | 9.819569 |
| 003 | CaOODSP |
| 005 | 20250509081852 |
| 007 | cr ||||||||||| |
| 008 | 160616s2014 onc |o f|0| 0 fre d |
| 040 | |aCaOODSP|bfre |
| 043 | |an-cn--- |
| 086 | 1 |aM183-2/7515F-PDF |
| 245 | 00|aModélisation géologique 3D des sédiments quaternaires du bassin versant de la rivière Chaudière, Québec |h[ressource électronique] / |c[par] O. Caron ... [et al.]. |
| 260 | |aOttawa : |bRessources naturelles Canada, |c2014. |
| 300 | |a[41] p. : |bfigures, tableaux, cartes. |
| 490 | 1 |aDossier public (Commission géologique du Canada) ; |v7515 |
| 504 | |aComprend des références bibliographiques. |
| 520 | |aLa modélisation géologique 3D des sédiments quaternaires du bassin versant de la rivière Chaudière, Québec est issu de la compilation des données ayant servi à produire les cartes synthèses des formations superficielles et de la géomorphologie quaternaire de l'Estrie-Beauce. La méthodologie adoptée découle de l'expérience des récents projets de cartographie quaternaire directement appliquée à l'hydrogéologie (Portneuf, AFSOQ, Châteauguay). Les données sont d'abord compilées dans une base de données et ensuite intégrées dans le logiciel de modélisation gOcad. |
| 692 | 07|2gccst|aBassin hydrologique |
| 692 | 07|2gccst|aHydrogéologie |
| 692 | 07|2gccst|aGéologie des dépôts meubles |
| 700 | 1 |aCaron, O. |
| 710 | 1 |aCanada. |bRessources naturelles Canada. |
| 710 | 2 |aCommission géologique du Canada. |
| 830 | #0|aDossier public (Commission géologique du Canada)|v7515|w(CaOODSP)9.504348 |
| 856 | 40|qPDF|s592 Ko|uhttps://publications.gc.ca/collections/collection_2016/rncan-nrcan/M183-2-7515-fra.pdf |
| 856 | 40|qPDF|s17.15 Mo|uhttps://publications.gc.ca/collections/collection_2016/rncan-nrcan/M183-2-7515-1-fra.pdf |